00317nam a2200133Ia 4500008004100000041000800041082001800049100001400067245003400081260002900115300000800144365001600152700001500168230718s9999 xx 000 0 und d aeng a005.13'3bLAD aLadd S.R. aC++ Components And Algorithms c1993bB.P.B. Publication a760 cRs.b275.00 aLadd S. R.